Atlas Learning-centered communication Book 1
Teacher's Extened Edition, with teacher's notes by Fran Byres
সংরক্ষণ করুন:
| প্রধান লেখক: | |
|---|---|
| বিন্যাস: | গ্রন্থ |
| ভাষা: | Undetermined |
| প্রকাশিত: |
Boston, MA
Heinle &Heinle
1995
|
| বিষয়গুলি: | |
| অনলাইন ব্যবহার করুন: | http://lrc.tdmu.edu.vn/opac/search/detail.asp?aID=2&ID=7254 |
| ট্যাগগুলো: |
ট্যাগ যুক্ত করুন
কোনো ট্যাগ নেই, প্রথমজন হিসাবে ট্যাগ করুন!
|
| Thư viện lưu trữ: | Trung tâm Học liệu Trường Đại học Thủ Dầu Một |
|---|
| LEADER | 00693nam a2200229Ia 4500 | ||
|---|---|---|---|
| 001 | TDMU_7254 | ||
| 008 | 210410s9999 xx 000 0 und d | ||
| 082 | |a 428 | ||
| 090 | |b N512 | ||
| 100 | |a Nunan, David | ||
| 245 | 0 | |a Atlas | |
| 245 | 0 | |b Learning-centered communication | |
| 245 | 0 | |c David Nunan | |
| 245 | 0 | |n Book 1 | |
| 260 | |a Boston, MA | ||
| 260 | |b Heinle &Heinle | ||
| 260 | |c 1995 | ||
| 300 | |a xxi, 167 p. | ||
| 520 | |a Teacher's Extened Edition, with teacher's notes by Fran Byres | ||
| 650 | |a English language ; Anh ngữ | ||
| 856 | |u http://lrc.tdmu.edu.vn/opac/search/detail.asp?aID=2&ID=7254 | ||
| 980 | |a Trung tâm Học liệu Trường Đại học Thủ Dầu Một | ||